000
00294nam a22001337a 4500
008
190223b xxu||||| |||| 00| 0 eng d
020
_a
9780135089811
041
_a
eng
080
_a
610.73
100
_a
1
101
_a
INF
245
_a
Phamacology for Nurses
_c
Adams, M.P
942
_2
udc
_c
BK
999
_c
54137
_d
54137